000 00508nam a22001937a 4500
003 MPLRDC
005 20220104123908.0
008 210129b ||||| |||| 00| 0 eng d
020 _a986-7307-43-7
082 _a528.21 ZYB
100 _a张义宝
245 _a决定孩子一生的美德教育
_c
250 _a初版一刷
260 _a台湾
_b德威国际文化事业有限公司
_c2006
300 _b216
490 _a全方位教育家: 6
650 _a亲子教育
942 _cBK
_o528.21 ZYB
999 _c15041
_d15031